=LDR 00000nam 2200000 4500 =001 INLIS000000000044132 =005 20131008104918 =008 ***********************************ind** =035 ##$$0010-101300000002054 =041 ##$$a ind =082 ##$$a 391.059 83 =090 ##$$a 391.059 83, ESD p =100 ##$$a Esde, Erni =245 ##$$a Pakaian penganten Sawah Lunto Sijunjung, Erni Esde, Lisa Sri Dwiyani, Rianny =260 ##$$a 2000 $b Padang =300 ##$$a iii, 42 hlm, ilus, 21 cm =650 ##$$a Pakaian daerah Sumatra Barat =850 ##$$a NBPNMAT